• 首页
  • 本馆介绍
  • 公告通知
  • 最新文献
  • 馆藏检索
  • 电子资源
  • 读者导购
  • 参考咨询
  • 我的图书馆
  • 登录
  • 详细信息显示
  • 放入我的书架
  • 预约/预借图书
  • 作者相关作品
  • 分类相关作品
  • 丛书相关作品
  • 出版社相关作品

书目信息

  • 表格格式
  • 工作单格式
  • 卡片格式
题名:
电工学
    
 
作者: 于军 , 孙立辉 主编
分册:  
出版信息: 北京   中国电力出版社  2021.3
页数: 292页
开本: 26cm
丛书名:
单 册:
中图分类: TM
科图分类:
主题词: 电工--高等教育--教材
电子资源:
ISBN: 978-7-5198-0358-2
000 00985nam0 2200265 45
001 012001002793
005 20211020091422.50
010    @a978-7-5198-0358-2@dCNY40.00
100    @a20171031d2017 em y0chiy50 ea
101 0  @achi
102    @aCN@b110000
105    @aa z 000yy
106    @ar
200 1  @a电工学@Adian gong xue@e少学时@f于军,孙立辉主编
205    @a3版
210    @a北京@c中国电力出版社@d2021.3
215    @a292页@c图@d26cm
300    @a“十三五”普通高等教育规划教材
330    @a本书分为两篇,共十二章。第一篇为电工技术,主要内容包括直流电路、正弦交流电路、电路的暂态分析、磁路与变压器、三相异步电机等;第二篇为电子技术,主要包括二极管及其应用、晶体管及其基本放大电路、集成运算放大器及其应用、集成直流稳压电源、组合逻辑电路、时序逻辑电路、波形发生电路等。
606 0  @a电工@x高等教育@j教材
690    @aTM@v5
701  0 @a于军@Ayu jun@4主编
701  0 @a孙立辉@Asun li hui@4主编
801  2 @aCN@bBJSDL@c20211018
905    @b1350361-4@dTM@e111=3@f4
    
    电工学:少学时/于军,孙立辉主编.-3版.-北京:中国电力出版社,2021.3
    292页:图;26cm
    “十三五”普通高等教育规划教材
    
    ISBN 978-7-5198-0358-2:CNY40.00
    本书分为两篇,共十二章。第一篇为电工技术,主要内容包括直流电路、正弦交流电路、电路的暂态分析、磁路与变压器、三相异步电机等;第二篇为电子技术,主要包括二极管及其应用、晶体管及其基本放大电路、集成运算放大器及其应用、集成直流稳压电源、组合逻辑电路、时序逻辑电路、波形发生电路等。
●
相关链接 在E读中查询图书 在五车中查询图书 在当当中查询图书 在豆瓣中查询图书


正题名:电工学     索取号:TM/111=3         预约/预借

序号 登录号 条形码 馆藏地/架位号 状态 备注
1 1350361   213503617   第二样本阅览室/ [索取号:TM/111=3] 在馆    
2 1350362   213503626   第三借阅区/ [索取号:TM/111=3] 在馆    
3 1350363   213503635   第三借阅区/ [索取号:TM/111=3] 在馆    
4 1350364   213503644   第三借阅区/ [索取号:TM/111=3] 在馆    
唐山师范学院图书馆 欢迎您!
大连网信软件有限公司© 版权所有